O potrebe satiry, o potrebe pravdy Hovorí sovietsky spisovateľ Sergej Michalkov

Bibliographic Details
Main Authors: Jurík, Ľuboš, 1947-2021 (Author), Michalkov, Sergej Vladimirovič, 1913-2009 (Author)
Format: Article
Language:Slovak
PhysicalDescription:Nedeľa, príloha Nového slova, č. 11, s. 3. Fot. 1.
Subjects:

MARC

LEADER 00000nab a2200000 a 4500
001 vtls000149490
003 SK-MaSNL
005 20260304001117.0
008 220422c1983 xo 0 slo
015 |a SNBRB19rr/mm-uuuuu 
035 |a CL0159597 
040 |a SNKBUCL  |b slo  |c SNKBUCL  |e AACR2 
041 0 |a slo 
044 |a xo  |c SK 
080 |a 82.09:882+820/89 (47+57)  |2 1981 
080 |a 882  |2 1981 
080 |a 820/89 (47  |2 1981 
080 |a 82  |2 1981 
080 |a 008  |2 1981 
100 1 |a Jurík, Ľuboš,  |d 1947-2021  |4 aut  |9 98669 
245 1 0 |a O potrebe satiry, o potrebe pravdy  |b Hovorí sovietsky spisovateľ Sergej Michalkov  |c Ľuboš Jurík, Sergej Michalkov 
300 |b Nedeľa, príloha Nového slova, č. 11, s. 3. Fot. 1. 
650 0 7 |a sovietska literatúra  |2 snkbucl  |9 22300 
655 7 |a články z novín a časopisov  |2 snkbucl  |9 267496 
655 7 |a články z odboru literárna veda a krásna literatúra  |2 snkbucl  |9 770045 
700 1 |a Michalkov, Sergej Vladimirovič,  |d 1913-2009  |4 aut  |9 200769 
773 0 |t Nové slovo  |g Roč. 25, č. 14 (1983) 
850 |a Slovenská národná knižnica v Martine  |a MTA001 
852 |a SNK  |b KIS3GCP 
958 |a RK 
958 |a ME 
958 |a LX 
958 |a SK 
992 |a RBX 
999 |c 2534713  |d 2536643